000 00455nam a2200181Ia 4500
003 GCL
008 140319s9999 xx 000 0 eng d
040 _aGCL /
_cGCL
082 0 4 _a786.2
_bF H
100 1 _aFRACKENPOHL, ARTHUR
245 1 0 _aHARMONIZATION AT THE PIANO /
_cFRACKENPOHL, ARTHUR
260 _a[S.N] :
_bWCB BROWN & BENCHANARK ،
_c1991
300 _a262 P
650 0 4 _aPIANO
650 0 4 _aMUSIC
650 0 4 _aHARMONY
942 _2ddc
_cBK
999 _c11929
_d11929